Datum a čas kvízu
17.5
Celkem bodů
Celkový počet nahraných bodů na tomto kvízu bez doplňovacích otázek.
4.
Pořadí na kvízu
Konečné umístění týmu na tomto kvízu.
Zaznamenané odpovědi
| # | Otázka | Odpověď | Body | Výsledky |
|---|---|---|---|---|
| 1. | Předsedou KDU-ČSL se na pátečn... | Marek Výborný | 1 | |
| 2. | Letadlo charterové společnosti... | Edinburgh | 0 | |
| 3. | Po deseti letech výstavby otev... | o Kataru | 0 | |
| 4. | Po Zootu se v problémech ocitá... | Kulina.cz | 0 | |
| 5. | Doplňte jedním slovem dialog,... | popelník | 0 | |
| 6. | Vaším úkolem bude uhodnout kře... | Jaroslav / Tomáš Satoranský | 0.5 | |
| 7. | Čtvrté nejčastější příjmení v... | Petr / Pavel / Petra Svoboda | 0 | |
| 8. | Nejstarším z další trojice je... | Emanuel / David Moravec; Nikol Moravcová | 0 | |
| 9. | Tento anglický herec, držitel... | Clive / Michael Owen | 1 | |
| 10. | Tento francouzský filozof, spi... | Jean-Jacques / Henri Rousseau | 0 |